| 000 | 00498 a2200157 4500 | ||
|---|---|---|---|
| 999 |
_c8208 _d8208 |
||
| 010 | _aENG-88348 | ||
| 020 |
_c475.00 _a0195678745 |
||
| 035 | _aEN-71881 | ||
| 037 | _bDBAD / PUB | ||
| 082 | 0 | 0 | _a338.954 |
| 245 | 1 | 0 |
_aIndia infrastructure report 2006: _bUrban infrastructure/ |
| 260 |
_aNew Delhi _bOxford University Press _c2006 |
||
| 270 |
_bNew Delhi _e110 001 _aYMCA Library Building, Jai Singh Road |
||
| 300 |
_axix, 257p. _c28cm (pbk) |
||
| 942 |
_adpl _cEN _2ddc _h338.954 _mIND |
||